| 000 | 00637nam a22002057a 4500 | ||
|---|---|---|---|
| 003 | 0 | ||
| 005 | 20250915151028.0 | ||
| 008 | 250915b xxu||||| |||| 00| 0 eng d | ||
| 020 | _a978-1-119-61668-9 | ||
| 050 |
_aB 105.P47 _b.W55 2022 |
||
| 100 |
_aWilliamson, Timothy, _eauthor. |
||
| 245 |
_aThe Philosophy of philosophy / _cTimothy Williamson. |
||
| 250 | _aSecond edition. | ||
| 260 |
_aHoboken, NJ : _bJohn Wiley & Sons, Inc., _c2022. |
||
| 300 |
_axxxvii, 642 pages ; _c23 cm. |
||
| 504 | _aIncludes bibliographical references and index. | ||
| 650 | _aMetaphilosophy. | ||
| 650 |
_aPhilosophy _xMethodology. |
||
| 942 |
_2lcc _cBK |
||
| 999 |
_c367957 _d367957 |
||